Voices in the classroom ; public schools and public attitudes.

Bibliographic Details
Main Author: Schrag, Peter
Format: Book
Language:English
Published: Boston : Beacon Press, [1965]
Subjects:

MARC

Tag First Indicator Second Indicator Subfields
LEADER 00000cam a22000001 4500
001 in00000454875
005 20151012083452.0
008 711124s1965 mau 00000 eng
010 |a  65023466  
035 |a (OCoLC)00176587 
035 |9 ABY0019AM 
040 |a DLC  |c DLC  |d TXA  |d UtOrBLW 
043 |a n-us--- 
049 |a TXAM  |c [456275] 
050 0 |a LA216  |b .S3 
082 0 |a 370.193 
092 |a 370.193  |b S377v, 1965 
100 1 |a Schrag, Peter. 
245 1 0 |a Voices in the classroom ;  |b public schools and public attitudes. 
264 1 |a Boston :  |b Beacon Press,  |c [1965] 
300 |a 292 pages ;  |c 24 cm. 
336 |a text  |b txt  |2 rdacontent 
337 |a unmediated  |b n  |2 rdamedia 
338 |a volume  |b nc  |2 rdacarrier 
650 0 |a Education  |z United States  |y 1945- 
650 0 |a Students  |x Social conditions. 
650 0 |a Attitude (Psychology) 
999 |a MARS 
999 f f |s 4123492f-f16b-386d-b9de-4fc3cfb44520  |i f8ed3a77-81f1-3212-8af4-024566657b26  |t 0 
952 f f |p normal  |a Texas A&M University  |b College Station  |c Sterling C. Evans Library  |d Evans: Library Stacks  |t 0  |e LA216 .S3  |h Library of Congress classification  |i unmediated -- volume  |m A14800822988 
998 f f |a LA216 .S3  |t 0  |l Evans: Library Stacks